|
|
|
|
| LEADER |
00798cam a2200229 7i4500 |
| 001 |
0000005002 |
| 005 |
20120529090000.0 |
| 020 |
|
|
|a 0736003207 (hbk.)
|
| 020 |
|
|
|a 9780736003209
|
| 050 |
0 |
0 |
|a GV714 IRW 2002
|
| 090 |
0 |
0 |
|a GV714
|b .I79 2002
|
| 100 |
1 |
|
|a Irwin, Richard L
|
| 245 |
1 |
0 |
|a Sport promotion and sales management
|c Richard L. Irwin, William A. Sutton, Larry M. McCarthy.
|
| 260 |
|
|
|a Champaign, IL:
|b Human Kinetics,
|c 2002.
|
| 300 |
|
|
|a xiii, 457 p.:
|b ill.;
|c 29 cm.
|
| 504 |
|
|
|a Includes bibliographical references and index
|
| 650 |
0 |
0 |
|a Sports --
|x Public relations
|
| 650 |
0 |
0 |
|a Sports --
|x Marketing
|
| 700 |
1 |
|
|a Sutton,William Anthony
|
| 700 |
1 |
|
|a McCarthy, Larry M
|
| 998 |
0 |
0 |
|a Sport Management Industry, Diploma
|
| 999 |
|
|
|a 0000004005
|b BOK
|c OPEN SHELF
|e 1st Floor, Shah Alam
|